00373 2200145 4500001002100000005001500021035002000036245004200056100001500098260002800113082001000141084001600151008004100167990001900208INLIS00000000000106620260209023904 a0010-02260001561 aPengantar Metode Statistik :bJilid 10 aAnto Dajan aJakarta :bLP3ES,c2000 a519.5 a519.5 ANT p260209 0  a500.2006.00126